| 000 | 00700nam a22002297a 4500 | ||
|---|---|---|---|
| 001 | 19510 | ||
| 003 | BD-RjUL | ||
| 005 | 20211209000437.0 | ||
| 008 | 140224s2003 ii ||||| |||| 001 0 eng d | ||
| 020 | _a8173916039 | ||
| 035 | _a(BD-RjUL)19570 | ||
| 040 |
_aBD-RjUL _beng _cBD-RjUL |
||
| 041 | _aeng | ||
| 082 |
_a658.10954 _bCHG 2003 |
||
| 100 |
_aChandra, Snehlata _9180559 |
||
| 245 | 1 | 0 |
_aGuidelines for NGOs management in India / _cSnehlata Chandra |
| 260 |
_aNew Delhi : _bKanishka Publishers Distributors, _c2003. |
||
| 300 |
_axxiv, 368 p. : _bill. ; _c22 cm. |
||
| 504 | _aIncludes index | ||
| 650 |
_aNon-governmental organizations _zIndia _xManagement. _9180560 |
||
| 942 |
_2ddc _cBK |
||
| 999 |
_c19510 _d19510 |
||